Historia de la matemática / (Record no. 18095)

MARC details
000 -LEADER
campo de control de longitud fija 00956nam a2200289 i 4500
001 - NÚMERO DE CONTROL
campo de control 18095
003 - IDENTIFICADOR DE NÚMERO DE CONTROL
campo de control ES-MaACL
005 - FECHA Y HORA DE LA ÚLTIMA TRANSACCIÓN
campo de control 20250903014507.0
007 - CAMPO FIJO DE DESCRIPCIÓN FÍSICA--INFORMACIÓN GENERAL
campo de control de longitud fija t|
008 - DATOS DE LONGITUD FIJA--INFORMACIÓN GENERAL
campo de control de longitud fija 010813s2000 sp ||||0| spa j
020 ## - NÚMERO INTERNACIONAL ESTÁNDAR DEL LIBRO
Número Internacional Estándar del Libro 84-7432-206-5
040 ## - FUENTE DE CATALOGACIÓN
Centro catalogador/agencia de origen M-BN
Lengua de catalogación spa
Centro/agencia transcriptor M-BN
080 ## - NÚMERO DE LA CLASIFICACIÓN DECIMAL UNIVERSAL
Número de la Clasificación Decimal Universal 51(091)
100 1# - ENTRADA PRINCIPAL--NOMBRE DE PERSONA
Nombre de persona Rey Pastor, Julio,
Fechas asociadas al nombre 1888-1962
9 (RLIN) 96535
245 10 - MENCIÓN DEL TÍTULO
Título Historia de la matemática /
Mención de responsabilidad, etc. J. Rey Pastor, J. Babini ; [prefacio de Juan Vernet].
250 ## - MENCION DE EDICION
Mención de edición 1ª ed. en Cla-de-ma.
260 ## - PUBLICACIÓN, DISTRIBUCIÓN, ETC.
Lugar de publicación, distribución, etc. Barcelona :
Nombre del editor, distribuidor, etc. Gedisa,
Fecha de publicación, distribución, etc. 2000.
300 ## - DESCRIPCIÓN FÍSICA
Extensión 2 v ;
Dimensiones 20 cm.
490 1# - MENCIÓN DE SERIE
Mención de serie Serie Cla-de-ma
505 8# - NOTA DE CONTENIDO CON FORMATO
Nota de contenido con formato Contiene: v. 1. De la antigüedad a la Baja Edad Media -- v. 2. Del renacimiento a la actualidad
650 14 - PUNTO DE ACCESO ADICIONAL DE MATERIA--TÉRMINO DE MATERIA
Término de materia o nombre geográfico como elemento de entrada Matemáticas-
Subdivisión de forma Historia
9 (RLIN) 14826
700 1# - ENTRADA AGREGADA--NOMBRE PERSONAL
Nombre de persona Babini, José.
9 (RLIN) 24420
700 1# - ENTRADA AGREGADA--NOMBRE PERSONAL
Nombre de persona Vernet, Juan,
Fechas asociadas al nombre 1923-2011
9 (RLIN) 114171
830 0# - PUNTO DE ACCESO ADICIONAL DE SERIE-TÍTULO UNIFORME
Título uniforme Serie Cla-de-ma
9 (RLIN) 180262
852 ## - LOCALIZACIÓN
Ubicación ES-MaACL
Número de control de estantería L-24825-26
Sublocalización o colección R.130109
Holdings
Estatus retirado Estado de pérdida Estado de daño No para préstamo Biblioteca de origen Biblioteca actual Ubicación en estantería Fecha de adquisición Fuente de adquisición Total de préstamos Signatura topográfica completa Código de barras Visto por última vez Precio de reemplazo Tipo de ítem Koha
        Biblioteca del Ateneo de Madrid Biblioteca del Ateneo de Madrid Depósito 2 17/01/2008     L-24825-26 1018496 23/02/2023 23/02/2023 Libro impreso